Central Library OPAC University of Rajshahi

Voice of America forum lectures / (Record no. 80423)

MARC details
000 -LEADER
fixed length control field 02187nam a2200229 a 4500
001 - CONTROL NUMBER
control field 80423
003 - CONTROL NUMBER IDENTIFIER
rucl marc code BD-RjUL
005 - DATE AND TIME OF LATEST TRANSACTION
control field 20220925121916.0
008 - FIXED-LENGTH DATA ELEMENTS--GENERAL INFORMATION
fixed length control field 220925q1961 wau||||| |||| 00| 0 eng d
035 ## - SYSTEM CONTROL NUMBER
System control number (BD-RjUL)80423
040 ## - CATALOGING SOURCE
Original cataloging agency BD-RjUL
Language of cataloging eng
Transcribing agency BD-RjUL
041 ## - LANGUAGE CODE
Language code of text/sound track or separate title eng
082 ## - DEWEY DECIMAL CLASSIFICATION NUMBER
Edition number 23
Classification number 540
Author mark and year VOI 1961
110 ## - MAIN ENTRY--CORPORATE NAME
Corporate name or jurisdiction name as entry element Voice of America (Organization),
Subordinate unit United States Information Agency
9 (RLIN) 4974
245 ## - TITLE STATEMENT
Title Voice of America forum lectures /
Statement of responsibility, etc. Voice of America (Organization), United States Information Agency
260 ## - PUBLICATION, DISTRIBUTION, ETC. (IMPRINT)
Place of publication, distribution, etc. [Washington, D.C.,]:
Name of publisher, distributor, etc. [U.S. Information Agency],
Date of publication, distribution, etc. [1961?]
300 ## - PHYSICAL DESCRIPTION
Pagination various pages;
Size 25 cm.
490 ## - SERIES STATEMENT
Series statement Chemistry series :
Volume/sequential designation 1. Chemistry and chemical engineering in the United States / J. C. Bailar, Jr 2. Chemical education in the United States of America / A. B. Garrett 3. Chemical research in solar energy / Farrington Daniels 4. Chemistry in agricultural production / A. L. Elder 5. Some applications of chemical synthesis to problems of food, clothing and shelter / E. G. Rochow 6. Blood chemistry / Round table: Edsall, Pennell, Oncley 7. Radioactive isotopes as aids in chemical research / P.C. Aebersold 8. Proteins / John T. Edsall 9. Chemical aspects of the origins of the solar system / Harrison Brown 10. Chemical documentation in the United States / K. F. Heumann 11. International cooperation in the sciences / W. Albert Noyes, Jr
650 ## - SUBJECT ADDED ENTRY--TOPICAL TERM
Topical term or geographic name as entry element Chemistry
830 ## - SERIES ADDED ENTRY--UNIFORM TITLE
Uniform title Chemistry series:
Volume number/sequential designation 1. Chemistry and chemical engineering in the United States / J. C. Bailar, Jr 2. Chemical education in the United States of America / A. B. Garrett 3. Chemical research in solar energy / Farrington Daniels 4. Chemistry in agricultural production / A. L. Elder 5. Some applications of chemical synthesis to problems of food, clothing and shelter / E. G. Rochow 6. Blood chemistry / Round table: Edsall, Pennell, Oncley 7. Radioactive isotopes as aids in chemical research / P.C. Aebersold 8. Proteins / John T. Edsall 9. Chemical aspects of the origins of the solar system / Harrison Brown 10. Chemical documentation in the United States / K. F. Heumann 11. International cooperation in the sciences / W. Albert Noyes, Jr
942 ## - ADDED ENTRY ELEMENTS (KOHA)
Source of classification or shelving scheme Dewey Decimal Classification
Koha item type Books
Holdings
Lost status Source of classification or shelving scheme Damaged status Not for loan Collection code Permanent Location Current Location Shelving location Date acquired Source of acquisition Total Checkouts Full call number Date last seen Copy number Koha item type
  Dewey Decimal Classification     Non-fiction Central Library, University of Rajshahi Central Library, University of Rajshahi General Stacks 08/04/1967 U. S. A.   540 VOI 1961 25/09/2022 C-2 Books
  Dewey Decimal Classification   Not For Loan Non-fiction Central Library, University of Rajshahi Central Library, University of Rajshahi Reading Room 08/04/1967 U. S. A.   540 VOI 1961 25/09/2022 C-1 Books